Responses for show #6553 - Wednesday, February 27, 2013

Joshua Brakhage game 6.

Contestants

Hans Reodica, a CPA from Navarre, Florida

Sara Garnett, a graduate student of zoology originally from Okemos, Michigan

Joshua Brakhage, a TV news producer originally from South Coffeyville, Oklahoma (whose 5-day cash winnings total $103,205)

Jeopardy! Round responses

"P"s ON EARTH
OH, A WISE GUY!
ANIMAL TALK
GOLD RUSH
SILVER ANNIVERSARIES
THE BRONZE AGE
    $200 21
Pisa

Joshua
    $200 26
Socrates

Sara
    $200 13
bee

Joshua
    $200 6
the golden calf

Joshua
    $200 11
The Smashing Pumpkins

Sara
    $200 1
Athens

Joshua
    $400 22
the Philippines

Hans
    $400 27
Charles Schulz

Sara
    $400 15
pigeon-toed

Joshua
    $400 7
pyrite

Joshua
    $400 12
Jesse Jackson

Triple Stumper
    $400 2
decathlon

Sara
    $600 23
Paraguay

Joshua
    $600 28
(Hunter S.) Thompson

Hans
    $600 18
leapfrog

Joshua
    $600 8
The Outsiders

Joshua
    $600 14
(Joshua: What's A Brief History of the Universe?)
...
(Alex: Stephen Hawking's book, yes.)

A Brief History of Time

JoshuaSara
    $600 3
Lithuania

Sara
    $2,000 24
Pittsburgh

Joshua
    $800 29
(George Washington) Carver

Joshua
    $800 19
fleabag

Hans
    $800 9
William Jennings Bryan

Hans
    $800 16
(Joshua: What's Marble Slab?)

Cold Stone

JoshuaSara
    $800 4
1968

Hans
    $1000 25
Pitcairn

Hans
    $1000 30
Sun Tzu

Hans
    $1000 20
scapegoat

Sara
    $1000 10
(Joshua: What's a balboa?)

doubloon

Joshua
Triple Stumper
    $1000 17
Stealth Bomber

Joshua
    $1000 5
figure skating

Hans

Scores at the first commercial break (after clue 15):

Joshua Sara Hans
$400 $1,800 $2,600

Scores at the end of the Jeopardy! Round:

Joshua Sara Hans
$4,800 $4,200 $6,400

Double Jeopardy! Round responses

COLONIAL AMERICA
THE BAND'S KILLER ALBUM FILLER
MED. ABBREV.
WORLD UNIVERSITIES
LITERARY CHARACTERS
3 STRAIGHT VOWELS
    $400 16
hat

Joshua
    $400 23
Pink Floyd

Joshua
    $400 11
blood pressure

Hans
    $400 6
The Beatles

Sara
    $400 1
Miss Marple

Hans
    $400 13
squeak

Joshua
    $800 19
indigo

Sara
    $800 24
Nirvana

Sara
    $800 12
range of movement (or motion)

Joshua
    $800 7
New Zealand

Joshua
    $800 2
Jo

Sara
    $800 14
(Hans: What is naiveté?)

paranoia

SaraHans
    $1200 20
(Sara: What is New Jersey?)

Delaware

Sara
Triple Stumper
    $1200 25
AC/DC

Sara
    $1200 28
long-term memory

Joshua
    $1200 8
(Haile) Selassie

Hans
    $2,000 3
Winnie-the-Pooh

Sara
    $1200 15
archaeology

Hans
    $1600 21
the Quartering Act

Joshua
    $1600 26
Coldplay

Joshua
    $6,400 29
(Joshua: What is twice daily?)

four times a day

Joshua
    $1600 9
Trinity

Joshua
    $1600 4
East of Eden

Sara
    $1600 17
pious

Sara
    $2000 22
(Increase) Mather

Triple Stumper
    $2000 27
The White Stripes

Triple Stumper
    $2000 30
lumbar puncture

Hans
    $2000 10
Heidelberg

Hans
    $2000 5
The Sound and the Fury

Triple Stumper
    $2000 18
Rouen

Sara

Scores at the end of the Double Jeopardy! Round:

Joshua Sara Hans
$7,200 $15,000 $12,800

[wagering suggestions for these scores]

Final Jeopardy! Round responses

SPEECHWRITERS
(Alex: [*] what your country can do for you. Ask what you can do for your country.)
JoshuaWhat is God did?
$7,194
HansWhat are you /
$2,201
SaraWhat is ask not?
$10,601
ask not

Final scores:

Joshua Sara Hans
$6 $25,601 $10,599
3rd place: $1,000 New champion: $25,601 2nd place: $2,000

Game dynamics:

Coryat scores:

Joshua Sara Hans
$12,400 $14,200 $12,800
21 R
(including 1 DD),
4 W
(including 1 DD)
18 R
(including 1 DD),
1 W
14 R,
1 W

Combined Coryat: $39,400

The J! Archive is created by fans, for fans. The Jeopardy! game show and all elements thereof, including but not limited to copyright and trademark thereto, are the property of Jeopardy Productions, Inc. and are protected under law. This website is not affiliated with, sponsored by, or operated by Jeopardy Productions, Inc. Join the discussion at JBoard.tv.